<?xml version="1.0" encoding="UTF-8"?>
<record
    xmlns:xsi="http://www.w3.org/2001/XMLSchema-instance"
    xsi:schemaLocation="http://www.loc.gov/MARC21/slim http://www.loc.gov/standards/marcxml/schema/MARC21slim.xsd"
    xmlns="http://www.loc.gov/MARC21/slim">

  <leader>00363nam a22001337a 4500</leader>
  <controlfield tag="005">20170807122837.0</controlfield>
  <controlfield tag="008">170807b        xxu||||| |||| 00| 0 eng d</controlfield>
  <datafield tag="040" ind1=" " ind2=" ">
    <subfield code="c">PK-LaUMT</subfield>
  </datafield>
  <datafield tag="082" ind1=" " ind2=" ">
    <subfield code="a">ZIAC 297.05</subfield>
    <subfield code="b">ALD-</subfield>
  </datafield>
  <datafield tag="245" ind1=" " ind2=" ">
    <subfield code="a">Al darasat ul Islamia/</subfield>
  </datafield>
  <datafield tag="260" ind1=" " ind2=" ">
    <subfield code="a">&#x627;&#x633;&#x644;&#x627;&#x645; &#x622;&#x628;&#x627;&#x62F;:</subfield>
    <subfield code="b">&#x645;&#x62C;&#x645;&#x639; &#x627;&#x644;&#x628;&#x62D;&#x648;&#x62B; &#x627;&#x644;&#x627;&#x633;&#x644;&#x627;&#x645;&#x6CC;&#x6C1;&#x60C;</subfield>
    <subfield code="c">[ ]</subfield>
  </datafield>
  <datafield tag="300" ind1=" " ind2=" ">
    <subfield code="a">204 &#x635;</subfield>
  </datafield>
  <datafield tag="942" ind1=" " ind2=" ">
    <subfield code="c">BK</subfield>
  </datafield>
  <datafield tag="999" ind1=" " ind2=" ">
    <subfield code="c">96608</subfield>
    <subfield code="d">96608</subfield>
  </datafield>
  <datafield tag="952" ind1=" " ind2=" ">
    <subfield code="0">0</subfield>
    <subfield code="1">0</subfield>
    <subfield code="4">0</subfield>
    <subfield code="7">0</subfield>
    <subfield code="a">01</subfield>
    <subfield code="b">01</subfield>
    <subfield code="d">2017-08-07</subfield>
    <subfield code="l">0</subfield>
    <subfield code="o">ZIAC 297.05 ALD-</subfield>
    <subfield code="p">112197</subfield>
    <subfield code="r">2017-08-07 00:00:00</subfield>
    <subfield code="w">2017-08-07</subfield>
    <subfield code="y">BK</subfield>
  </datafield>
</record>
